| 000 | 00465nam a22001697a 4500 | ||
|---|---|---|---|
| 005 | 20230117102706.0 | ||
| 008 | 220215b ||||| |||| 00| 0 eng d | ||
| 020 | _a9789402415780 | ||
| 041 | _aeng | ||
| 082 |
_a613.2 _bHAR-P |
||
| 100 |
_aHARBORNE , J. B _97087 |
||
| 245 | _aPHYTOCHEMICAL METHODS : A GUIDE TO MODERN TECHNIQUES OF PLANT ANALYSIS | ||
| 260 |
_aLONDON _bCHAPMAN AND HALL |
||
| 300 | _a302; P.. | ||
| 650 |
_aPHARMACY _xB.PHARMA _97083 |
||
| 942 | _cBK | ||
| 999 |
_c7926 _d7924 |
||